ბათუმის შოთა რუსთაველის სახელმწიფო უნივერსიტეტის ბიბლიოთეკა

ხისა და პლასტმასების კონსტრუქციები : (ბიბ.ჩანაწერი № 39221)

000 -ლიდერი
ფიქსირებული სიგრძის საკონტროლო ველი 01173nam a2200229Ia 4500
001 - საკონტროლო ნომერი
საკონტროლო ველი 5807
003 - საკონტროლო ნომრის იდენტიფიკატორი
საკონტროლო ველი GE_BSU
005 - ბოლო ოპერაციის თარიღი და დრო
საკონტროლო ველი 20190424225302.0
008 - ფიქსირებული სიგრძის მონაცემთა ელემენტები - ზოგადი ინფორმაცია
ფიქსირებული სიგრძის საკონტროლო ველი 181216s1984||| ge |||||||||||||| ||geo||
040 ## - კატალოგიზაციის წყარო
Transcribing agency GE_BSU
041 ## - ენის კოდი
Language code of text/sound track or separate title geo
080 ## - უნივერსალური ათობითი კლასიფიკაციის ინდექსი
Universal Decimal Classification number 624.011(075.8) ს-20
100 ## - მთავარი ჩანაწერი - პიროვნების სახელი
Personal name სალუქვაძე ,ბ.
9 (RLIN) 342
245 ## - ცნობა სათაურის შესახებ
Title ხისა და პლასტმასების კონსტრუქციები :
Remainder of title კურსის პროგრამა, ძირითადი ცნობები და მეთოდური მითითებანი : დამხმ.სახელმძღვ./
Statement of responsibility, etc გ. სალუქვაძე ; რედ. გ.გ.მსხილაძე.
264 ## - წარმოების, გამოცემის, დისტრიბუციის და სხვა ცნობები
გამოცემის, წარმოების, დისტრიბუციის... ადგილი თბილისი :
გამოცემის, წარმოების, დისტრიბუციის... სახელწოდება თსუ,
გამოცემის, წარმოების, დისტრიბუციის... თარიღი 1984.
300 ## - ფიზიკური აღწერა
Extent 135 გვ. ;
Dimensions 20 სმ.
504 ## - BIBLIOGRAPHY, ETC. NOTE
Bibliography, etc ბიბლიოგრ. : გვ. 9
653 ## - INDEX TERM--UNCONTROLLED
Uncontrolled term ხისა და პლასტმასების კონსტრუქციები
653 ## - INDEX TERM--UNCONTROLLED
Uncontrolled term სამშენებლო კონსტრუქციები
700 ## - ADDED ENTRY--PERSONAL NAME
Personal name მსხილაძე, გ.
Relator term რედაქტორი
9 (RLIN) 481
942 ## - ADDED ENTRY ELEMENTS (KOHA)
Koha item type წიგნი
Source of classification or shelving scheme
ეგზემპლარები
ჩამოწერის სტატუსი დაკარგული ეგზემპლარის სტატუსი კლასიფიკაციის წყარო ან თაროზე გაწყობის სქემა დაზიანების სტატუსი არ გაიცემა მუდმივი მდებარეობა (დაცვის ადგილი) ამჟამინდელი ადგილსამყოფელი თაროზე განთავსების ადგილი შეძენის თარიღი ღირებულება, შესყიდვის ნორმალური ფასი სრული შენახვის შიფრი შტრიხკოდი ბოლო ოპერაციის თარიღი ეგზემპლარის მიმდევრობითი ნომერი (კეტერი?) ფასის ძალაში შესვლის თარიღი ეგზემპლარის სახეობა საჯარო შენიშვნა
          ბათუმის შოთა რუსთაველის სახელმწიფო უნივერსიტეტის მთავარი ბიბლიოთეკა ტექნოლოგიური ფაკულტეტის ბიბლიოთეკა წიგნსაცავი 2018-12-17 0.60 624.011(075.8) ს-20 11364 2018-12-17 11364 2018-12-17 წიგნი 0.60 ლ.
          ბათუმის შოთა რუსთაველის სახელმწიფო უნივერსიტეტის მთავარი ბიბლიოთეკა ტექნოლოგიური ფაკულტეტის ბიბლიოთეკა წიგნსაცავი 2018-12-17 0.60 624.011(075.8) ს-20 11365 2018-12-17 11365 2018-12-17 წიგნი 0.60 ლ.
          ბათუმის შოთა რუსთაველის სახელმწიფო უნივერსიტეტის მთავარი ბიბლიოთეკა ტექნოლოგიური ფაკულტეტის ბიბლიოთეკა წიგნსაცავი 2018-12-17 0.60 624.011(075.8) ს-20 11366 2018-12-17 11366 2018-12-17 წიგნი 0.60 ლ.
          ბათუმის შოთა რუსთაველის სახელმწიფო უნივერსიტეტის მთავარი ბიბლიოთეკა ტექნოლოგიური ფაკულტეტის ბიბლიოთეკა წიგნსაცავი 2018-12-17 0.60 624.011(075.8) ს-20 11367 2018-12-17 11367 2018-12-17 წიგნი 0.60 ლ.
          ბათუმის შოთა რუსთაველის სახელმწიფო უნივერსიტეტის მთავარი ბიბლიოთეკა ტექნოლოგიური ფაკულტეტის ბიბლიოთეკა წიგნსაცავი 2018-12-17 0.60 624.011(075.8) ს-20 11368 2018-12-17 11368 2018-12-17 წიგნი 0.60 ლ.